000 00554cam a2200205ua 4500
001 12061
008 200212n ii |||gr||||Z||||||asm
020 _a9789382976615
040 _cMAIN
041 _aasm
082 _a339
100 _aBornali Konwar Baruah,
_eAuthor.
245 _aSamastigata arthanititattwa parichay
_cBy Bornali Konwar Baruah
250 _a1st ed.
260 _aGolaghat:
_bSaraswati prakashan,
_c2020.
300 _a180p.
653 _aMacroeconomics & related topics
653 _aIntroductory macroeconomics
942 _cBK
999 _c10844
_d10844